000 00528nam a2200169 i 4500
001 56623
003 ES-MaACL
005 20230906163419.0
007 t|
008 031010s1969 sp ||||1| spa d
245 0 0 _aDinámica cristiana de la comunicación moderna /
_cClaudio Beauvalet ... [et al.] ; prólogo de P. Haubtmann.
260 _aBilbao :
_bMensajero,
_c[1969]
300 _a302 p. ;
_c20 cm.
700 1 _aHaubtmann, Pierre.
_962080
700 1 _aBeauvalet, Claudio.
_926845
852 _aES-MaACL
_jC-50376
_bR.72221
999 _c56623
_d56623